| 000 | 00000cas 2200000zi 4500 |
| 001 | 9.962834 |
| 003 | CaOODSP |
| 005 | 20260525155154 |
| 006 | m o d f |
| 007 | cr cn |||||||| |
| 008 | 260515d19891991nkcqr p o f0### 0fre|d |
| 022 | |y1180-9353 |
| 040 | |aCaOODSP|bfre|erda|cCaOODSP |
| 043 | |an-cn-nk |
| 086 | 1 |aIu2-7F-PDF |
| 245 | 00|aISTC Nouveau-Brunswick : |bune publication d'Industrie, sciences et technologie Canada. |
| 246 | 3 |aIndustrie, sciences et technologie Canada Nouveau-Brunswick |
| 264 | 1|aMoncton (N.-B.) : |bIndustrie, sciences et technologie Canada, |c[1989-1991] |
| 310 | |aTrimestriel |
| 336 | |atexte|btxt|2rdacontent/fre |
| 337 | |ainformatique|bc|2rdamedia/fre |
| 338 | |aressource en ligne|bcr|2rdacarrier/fre |
| 362 | 1 |aParaît depuis : Vol. 1, no 1 (mars 1989); ne paraît plus après : Vol. 2, no 4 (mars 1991). |
| 500 | |aPublié aussi en anglais sous le titre : ISTC New Brunswick. |
| 500 | |aÉdition numérisée de l'imprimé [par Innovation, sciences et développement économique Canada]. |
| 588 | |aDescription d'après : Vol. 1, no 1 (mars 1989); titre de départ du fichier PDF. |
| 588 | |aDernière livraison consultée : Vol. 2, no 4 (mars 1991). |
| 610 | 16|aCanada. |bIndustrie, sciences et technologie Canada|vPériodiques. |
| 650 | 6|aEntreprises|zNouveau-Brunswick|vPériodiques. |
| 655 | 7|aPériodiques|2rvmgf |
| 710 | 1 |aCanada. |bIndustrie, sciences et technologie Canada, |eorganisme de publication. |
| 775 | 08|tISTC New Brunswick : |w(CaOODSP)9.962835 |
| 785 | 00|tISTC Nouveau-Brunswick/Île-du-Prince-Édouard : |w(CaOODSP)9.962854 |